LEADER 01431nam 2200349Ia 450 001 996397414303316 005 20221108081035.0 035 $a(CKB)4940000000055356 035 $a(EEBO)2248502121 035 $a(OCoLC)11243705 035 $a(EXLCZ)994940000000055356 100 $a19841009d1694 uy | 101 0 $aeng 135 $aurbn||||a|bb| 200 12$aA brief account of the rise and progress of the people called Quakers$b[electronic resource] $ein which their fundamental principle, doctrines, worship, ministry and discipline are plainly declared to prevent the mistakes and perversions that ignorance and prejudice may make to abuse the credulous : with a summary relation of the former dispensations of God in the world by way of introduction /$fby W. Penn 210 $aLondon $cPrinted and sold by T. Sowle ...$d1694 215 $a[6], p. 9-131 300 $aReproduction of the original in the Bodleian Library. 330 $aeebo-0014 606 $aSociety of Friends$xHistory 606 $aSociety of Friends$xDoctrines 615 0$aSociety of Friends$xHistory. 615 0$aSociety of Friends$xDoctrines. 700 $aPenn$b William$f1644-1718.$0444261 801 0$bEAE 801 1$bEAE 801 2$bUMI 801 2$bWaOLN 906 $aBOOK 912 $a996397414303316 996 $aA brief account of the rise and progress of the people called Quakers$92426148 997 $aUNISA LEADER 01105nam a22002531i 4500 001 991000028119707536 005 20030226100410.0 008 020902s1969 it a||||||||||||||||ita 035 $ab11947196-39ule_inst 035 $aARCHE-003700$9ExL 040 $aDip.to Filologia Ling. e Lett.$bita$cA.t.i. Arché s.c.r.l. Pandora Sicilia s.r.l. 082 04$a870.8 100 1 $aCataudella, Quintino$0164224 245 10$aAntologia cristiana dalla cantica ambrosiana alla regola di San Benedetto :$btraduzioni originali e profili /$cQuintino Cataudella 260 $a[Firenze] :$bSansoni,$c[1969] 300 $a288 p. :$bill. ;$c20 cm 440 3$aLe antologie delle letterature del mondo 650 4$aLetteratura cristiana$xAntologie 907 $a.b11947196$b02-04-14$c01-04-03 912 $a991000028119707536 945 $aLE008 Ist. Glott. IV A 8$g1$i2008000475604$lle008$o-$pE0.00$q-$rl$s- $t0$u0$v0$w0$x0$y.i12222483$z01-04-03 996 $aAntologia cristiana dalla cantica ambrosiana alla Regola di San Benedetto$9210879 997 $aUNISALENTO 998 $ale008$b01-04-03$cm$da $e-$fita$git $h0$i1 LEADER 03330nam 22005535 450 001 9910253346903321 005 20251030103716.0 010 $a9781137377692 010 $a1137377690 024 7 $a10.1057/978-1-137-37769-2 035 $a(CKB)3710000000777378 035 $a(DE-He213)978-1-137-37769-2 035 $a(MiAaPQ)EBC4720112 035 $a(Perlego)3488306 035 $a(EXLCZ)993710000000777378 100 $a20160802d2016 u| 0 101 0 $aeng 135 $aurnn#008mamaa 181 $ctxt$2rdacontent 182 $cc$2rdamedia 183 $acr$2rdacarrier 200 10$aTreating Child Sexual Abuse in Family, Group and Clinical Settings $eCulturally Intelligent Practice for Caribbean and International Contexts /$fby Adele D. Jones, Ena Trotman Jemmott, Hazel Da Breo, Priya Maharaj 205 $a1st ed. 2016. 210 1$aLondon :$cPalgrave Macmillan UK :$cImprint: Palgrave Macmillan,$d2016. 215 $a1 online resource (XIX, 336 p. 34 illus. in color.) 311 08$a9781137377685 311 08$a1137377682 320 $aIncludes bibliographical references at the end of each chapters and index. 327 $a1 -- The Gifted Practitioner -- 2. Working with Adolescent Girls who have been sexually abused -- 3. Working with Children with Learning Disabilities -- 4. Work with Young People with Harmful Sexual Behaviour -- 5. Interventions with Children in Residential Care -- 6. Art as Therapeutic Modality . 330 $aPresenting real-life case studies of child sexual abuse in the Caribbean as a basis for discussing interventions and models of practice that are relevant for a wide range of cultural and social settings, this multi-disciplinary text will be of interest to scholars, professionals and practitioners alike. Contributors to this volume demonstrate how sexual abuse is never just a problem of the individual: structures of inequality and the intersection of the factors they give rise to help to explain why some children are more at risk of abuse than others. Furthermore, the sub-systems in which lives are lived can compound risk and vulnerability or alternatively, can be sources of support and change. This book draws on these ideas to discuss practice across a range of service users: children, adolescent girls, teenage mothers, children with learning disabilities, fathers, mothers, women who abuse, juvenile sex offenders and children in residential care. p>. 606 $aSociology 606 $aSocial groups 606 $aCrime$xSociological aspects 606 $aSociology of Family, Youth and Aging 606 $aCrime and Society 615 0$aSociology. 615 0$aSocial groups. 615 0$aCrime$xSociological aspects. 615 14$aSociology of Family, Youth and Aging. 615 24$aCrime and Society. 676 $a305.2 700 $aJones$b Adele$4aut$4http://id.loc.gov/vocabulary/relators/aut$01323770 702 $aTrotman Jemmott$b Ena$4aut$4http://id.loc.gov/vocabulary/relators/aut 702 $aDa Breo$b Hazel$4aut$4http://id.loc.gov/vocabulary/relators/aut 702 $aMaharaj$b Priya E.$4aut$4http://id.loc.gov/vocabulary/relators/aut 906 $aBOOK 912 $a9910253346903321 996 $aTreating Child Sexual Abuse in Family, Group and Clinical Settings$93601462 997 $aUNINA